| 000 | 00691cam a2200145ua 4500 | ||
|---|---|---|---|
| 041 |
_aeng _h |
||
| 082 |
_a666.9 _bIND/ME |
||
| 110 | 1 |
_aIndian Standards Institution . _b _c() |
|
| 245 | 0 | 0 |
_aMethods of sampling of steel for prestressed and reinforced concrete, IS10790-1984 / _cIndian Standards Institution. _hTextual Documents |
| 260 |
_aNew Delhi : _bIndian Standards Institution , _c1984. |
||
| 300 | _a8 ; . | ||
| 504 | _a | ||
| 942 | _cBK | ||
| 999 |
_c7940 _d7940 |
||